| 000 | 03117cam a22003254i 4500 | ||
|---|---|---|---|
| 003 | PE-LiUPU | ||
| 005 | 20250731183449.0 | ||
| 008 | 240927b |||||||| |||| 00| 0 spa d | ||
| 020 | _a9788433856159 | ||
| 040 |
_aUNAMX _bspa _cPE-LiUPU _dPE-LiUPU _erda |
||
| 049 | _aPRUA | ||
| 082 | 0 | 4 |
_a720.72 _bD278 _223 |
| 245 | 0 | 0 |
_aDe la casa al territorio : _bjornadas de investigación en Arquitectura / _ceditores: David Arredondo, Jual Calatrava, Ana del Cid y Francisco García Përez. |
| 264 | 1 |
_aGranada : _bEditorial Universidad de Granada, Campus Universitario de Cartuja, _c2014. |
|
| 300 |
_a347 páginas : _bilustraciones, fotos, planos ; _c24 centímetros. |
||
| 336 |
_atext _2rdacontent |
||
| 337 |
_aunmediated _2rdamedia |
||
| 338 |
_avolume _2rdacarrier |
||
| 505 | _aCartografías superpuestas. Estudios de ciudad -- Visiones de la No-Granada -- La aplicación de las cualidades espaciales del color en la arquitectura -- Itinerarios por la ciudad de los lugares olvidados. El cielo sobre Berlín Wim Wenders, 1987-2012 -- Una visión de Hong Kong -- Organigramas arquitectónicos. Computerización y análisis -- La casa del aire: el retorno al gradiente original -- Arquingenierías en el agua. Hibridación entre las disciplinas en las presas españolas -- Génesis de la arquitectura de la universidad laboral de Almería una organización policentrica jerárquica -- La agricultura en las utopías urbanas -- Patrimonio territorial asociado a sistemas lineales – Agua y periferia urbana en Al-Andalus. Estudio comparativo de los casos de Granada y Sevilla -- Terrain Fertile Vague. El paisaje agrícola urbanizable como patrimonio de la ciudad contemporánea -- El secadero de tabaco dentro del espectro de la arquitectura patrimonial -- La cultura de ocio en la costa del sol como objeto patrimonial (1959-1979) -- La imagen cartográfica, objeto y fuente de la historia urbana: el caso de Granada -- La formación del barrio del Mauror en imágenes -- De la Qasabat Al-Qadima a la alcazaba roja -- La alcazaba de Almeria: una vision general de su rehabilitación en el siglo xx -- La facultad de medicina en la calle rector López Argüeta -- La conservación del patrimonio en Tetuán durante el protectorado español (1912-1956): las puertas de la Medina -- El origen de la proporción en la arquitectura clásica… Y su futuro -- ¿Es un proyecto de arquitectura un proyecto científico? -- Investigando a La Dérive -- Desarrollo de la ciudad de Viena mediante las transformaciones de las cubiertas en nuevos espacios habitables de 1988 a 2012 -- La Viena roja, una política residencial. Höfe vs Siedlungen, un manifiesto arquitectónico, el Karl Marx-Hof. | ||
| 526 | _aP158 | ||
| 526 | _aP146 | ||
| 526 | _aP17 | ||
| 526 | _aP12 | ||
| 526 | _aP06 | ||
| 650 | 1 | 4 |
_aArquitectura _vCongresos y asambleas. _94445 |
| 700 |
_aArredondo Garrido, David, _ecompilador. _94446 |
||
| 942 |
_2ddc _cBK |
||
| 980 |
_618226 _aJaime Vilcazán Jefe de Análisis Documental _81 _gALBERTO SANCHEZ Responsable de Automatización |
||
| 999 |
_c62640 _d62639 |
||